[Event "BEL-chT 1819"]
[Site "Belgium"]
[Date "2019.02.03"]
[Round "6.2"]
[White "Burg, Twan"]
[Black "De Vos, Nils"]
[Result "1-0"]
[WhiteElo "2517"]
[BlackElo "2263"]
[PlyCount "77"]
[EventDate "2018.09.30"]
[EventType "team-tourn"]
[EventRounds "11"]
[EventCountry "BEL"]
[SourceTitle "CBM 189 Extra"]
[Source "ChessBase"]
[SourceDate "2019.06.03"]
[SourceVersion "1"]
[SourceVersionDate "2019.06.03"]
[SourceQuality "1"]
[WhiteTeam "Echiquier Mosan"]
[BlackTeam "Brasschaat"]
[WhiteTeamCountry "BEL"]
[BlackTeamCountry "BEL"]

1. d4 Nf6 2. c4 g6 3. Nf3 Bg7 4. g3 0-0 5. Bg2 d6 6. 0-0 Nbd7 7. Nc3 e5 8. e4 Re8 9. h3 a6 10. Be3 exd4 11. Nxd4 Ne5 12. b3 c5 13. Nde2 Rb8 14. a4 Qc7 15. Qc2 Be6 16. Rad1 Nc6 17. g4 Rbd8 18. f4 Bc8 19. Qd2 Nb4 20. Bf2 b6 21. Bh4 Bb7 22. Ng3 Qb8 23. f5 Nd7 24. Bxd8 Rxd8 25. fxg6 hxg6 26. Nd5 Bxd5 27. exd5 Ne5 28. Ne4 Rd7 29. Nf6+ Bxf6 30. Rxf6 Qd8 31. Rdf1 a5 32. Be4 Na6 33. g5 Nc7 34. h4 Ne8 35. h5 Nxf6 36. gxf6 Qe8 37. Qh6 Qf8 38. Qg5 Qe8 39. Rf4 1-0

[Event "BEL-chT 1718"]
[Site "Belgium"]
[Date "2018.02.04"]
[Round "6.3"]
[White "Le Quang, Kim"]
[Black "De Vos, Nils"]
[Result "1/2-1/2"]
[WhiteElo "2287"]
[BlackElo "2271"]
[PlyCount "149"]
[EventDate "2017.09.24"]
[EventType "team-tourn"]
[EventRounds "11"]
[EventCountry "BEL"]
[SourceTitle "EXT 2019"]
[Source "ChessBase"]
[SourceDate "2018.10.10"]
[SourceVersion "1"]
[SourceVersionDate "2018.10.10"]
[SourceQuality "1"]
[WhiteTeam "Charleroi CREC"]
[BlackTeam "Brasschaat"]
[WhiteTeamCountry "BEL"]
[BlackTeamCountry "BEL"]

1. c4 Nf6 2. Nc3 g6 3. g3 Bg7 4. Bg2 0-0 5. d3 c5 6. Rb1 e6 7. Nf3 d5 8. 0-0 Nc6 9. Bf4 Qe7 10. Ne5 Nxe5 11. Bxe5 Rd8 12. cxd5 Nxd5 13. Bxg7 Kxg7 14. Qb3 Nb4 15. a3 Na6 16. Rfc1 Rb8 17. Ne4 b6 18. Qc3+ f6 19. b4 Bb7 20. Qb2 Bxe4 21. Bxe4 Rbc8 22. b5 Nc7 23. a4 Rd4 24. Qa3 e5 25. a5 Ne6 26. axb6 axb6 27. Ra1 Rb4 28. Qa6 Qc7 29. e3 Rd8 30. Rc3 Kh6 31. Bc6 f5 32. Qa7 e4 33. Qxc7 Nxc7 34. dxe4 fxe4 35. Ra7 Nxb5 36. Bxb5 Rxb5 37. Rc4 Re8 38. Rb7 Re6 39. Ra4 Rb1+ 40. Kg2 Rb2 41. Rf7 g5 42. Raa7 Kg6 43. Rg7+ Kf5 44. Rxh7 Rf6 45. Rae7 g4 46. h3 gxh3+ 47. Kxh3 Rxf2 48. Rh5+ Kg6 49. Kg4 R2f5 50. Rxf5 Rxf5 51. Rxe4 Rf6 52. Rc4 Rc6 53. Kf4 b5 54. Rc1 c4 55. Ke5 c3 56. Kd4 b4 57. Kd3 Kf5 58. Kc2 Ke4 59. Re1 Ra6 60. Kb3 Rb6 61. g4 Kd3 62. g5 c2 63. Rc1 Rc6 64. g6 Kd2 65. g7 Kxc1 66. g8Q Kb1 67. Qh7 Rc3+ 68. Kxb4 Kb2 69. Qh2 Rxe3 70. Qd2 Rb3+ 71. Kc4 Rb8 72. Qc3+ Kb1 73. Qd3 Rc8+ 74. Kb3 Rb8+ 75. Kc3 1/2-1/2

[Event "BEL-chT 1718"]
[Site "Belgium"]
[Date "2017.10.22"]
[Round "3.3"]
[White "Lai, Hing Ting"]
[Black "De Vos, Nils"]
[Result "1-0"]
[WhiteElo "2422"]
[BlackElo "2271"]
[PlyCount "51"]
[EventDate "2017.09.24"]
[EventType "team-tourn"]
[EventRounds "11"]
[EventCountry "BEL"]
[SourceTitle "EXT 2019"]
[Source "ChessBase"]
[SourceDate "2018.10.10"]
[SourceVersion "1"]
[SourceVersionDate "2018.10.10"]
[SourceQuality "1"]
[WhiteTeam "Liege Crelel"]
[BlackTeam "Brasschaat"]
[WhiteTeamCountry "BEL"]
[BlackTeamCountry "BEL"]

1. Nf3 Nf6 2. g3 g6 3. Bg2 Bg7 4. d4 d6 5. 0-0 0-0 6. c4 Nbd7 7. Nc3 e5 8. e4 a6 9. Qc2 Re8 10. Re1 Rb8 11. h3 exd4 12. Nxd4 c5 13. Nf3 b5 14. Bf4 Qc7 15. cxb5 axb5 16. Qd3 Ne5 17. Bxe5 dxe5 18. Nxb5 Qb6 19. a4 Ba6 20. Bf1 Bf8 21. Qc2 Nh5 22. Bc4 Bc8 23. Qc3 Bxh3 24. Ng5 Be6 25. Nxe6 fxe6 26. Rad1 1-0

[Event "Brasschaat 03rd"]
[Site "Brasschaat"]
[Date "2011.08.24"]
[Round "5"]
[White "De Vos, Nils"]
[Black "Hovhannisyan, Mher"]
[Result "0-1"]
[WhiteElo "2239"]
[BlackElo "2479"]
[PlyCount "214"]
[EventDate "2011.08.20"]
[EventType "tourn"]
[EventRounds "9"]
[EventCountry "BEL"]
[EventCategory "4"]
[SourceTitle "CBM 144 Extra"]
[Source "ChessBase"]
[SourceDate "2011.10.28"]
[SourceVersion "1"]
[SourceVersionDate "2011.10.28"]
[SourceQuality "1"]

1. c4 d5 2. cxd5 Nf6 3. Nf3 Nxd5 4. Nc3 Nxc3 5. bxc3 g6 6. d4 Bg7 7. e4 0-0 8. Be2 c5 9. 0-0 Nc6 10. Be3 Qc7 11. Qc2 b6 12. Rfd1 Na5 13. Rac1 c4 14. Qd2 Bd7 15. Bf4 Qb7 16. Ne5 Ba4 17. Re1 Rac8 18. Bh6 f6 19. Ng4 Bd7 20. Bxg7 Kxg7 21. Qh6+ Kh8 22. e5 f5 23. Ne3 f4 24. Bf3 fxe3 25. Bxb7 exf2+ 26. Kh1 fxe1Q+ 27. Rxe1 Nxb7 28. h3 Bc6 29. Qh4 e6 30. Kg1 Bd5 31. Qe7 Kg8 32. Re3 Rf7 33. Qg5 b5 34. a3 a5 35. Qg3 Rcf8 36. Re2 Nd8 37. Rb2 Rb7 38. h4 Rf5 39. Rf2 Rbf7 40. Rb2 Rb7 41. Rf2 Rxf2 42. Qxf2 b4 43. axb4 axb4 44. cxb4 c3 45. Qc2 Rc7 46. b5 Rc4 47. b6 Nc6 48. b7 Nb8 49. h5 gxh5 50. Kh2 Rc7 51. Kg3 Rxb7 52. Kh4 Rc7 53. Kxh5 Nd7 54. Kh6 Nf8 55. Qc1 Rg7 56. Qxc3 Rxg2 57. Kh5 Rg7 58. Qa3 Rg6 59. Qc3 Be4 60. Qb3 Rg2 61. Qe3 Bg6+ 62. Kh6 Bf5 63. Qb3 Be4 64. Kh5 Kg7 65. Qa3 Bg6+ 66. Kh4 Bf7 67. Qf3 Rg6 68. Qa3 h6 69. Qe7 Nh7 70. Qb7 Ng5 71. Qa8 Nh7 72. Qb7 Nf8 73. Qe7 Kg8 74. Qd8 Rg5 75. Qa8 Kg7 76. Qd8 Ng6+ 77. Kh3 Nf4+ 78. Kh2 Nd5 79. Kh3 Rf5 80. Kg3 Rf4 81. Qa5 Rxd4 82. Qa1 Rf4 83. Qe1 h5 84. Kh2 Bg6 85. Qa5 Rf5 86. Qa7+ Bf7 87. Qg1+ Kh7 88. Qa7 Nf4 89. Qc7 Ng6 90. Qa7 Nxe5 91. Qc7 Ng6 92. Qd7 Kg7 93. Qc8 Rf4 94. Kg3 h4+ 95. Kg2 e5 96. Qc7 Kh6 97. Qa5 Be6 98. Qd8 e4 99. Qd6 Bf5 100. Qc5 Rf3 101. Qc1+ Kh5 102. Qc7 Kg4 103. Qb8 e3 104. Qb5 Nf4+ 105. Kh2 Rf2+ 106. Kg1 Nh3+ 107. Kh1 Be4# 0-1

[Event "Brasschaat 03rd"]
[Site "Brasschaat"]
[Date "2011.08.23"]
[Round "4"]
[White "De Schampheleire, Glen"]
[Black "De Vos, Nils"]
[Result "1-0"]
[WhiteElo "2263"]
[BlackElo "2239"]
[PlyCount "65"]
[EventDate "2011.08.20"]
[EventType "tourn"]
[EventRounds "9"]
[EventCountry "BEL"]
[EventCategory "4"]
[SourceTitle "CBM 144 Extra"]
[Source "ChessBase"]
[SourceDate "2011.10.28"]
[SourceVersion "1"]
[SourceVersionDate "2011.10.28"]
[SourceQuality "1"]

1. d4 Nf6 2. c4 e6 3. Nf3 b6 4. Nc3 Bb4 5. Bg5 h6 6. Bh4 Bb7 7. e3 0-0 8. Qc2 c5 9. Rd1 cxd4 10. Nxd4 Be7 11. e4 d5 12. cxd5 exd5 13. Nf5 Nc6 14. exd5 Nb4 15. Qd2 Qd7 16. Nxe7+ Qxe7+ 17. Be2 Rad8 18. d6 Qe6 19. 0-0 Ne4 20. Nxe4 Qxe4 21. Bf3 Qxh4 22. Bxb7 Rd7 23. g3 Qg4 24. Bg2 Na6 25. Bc6 Rdd8 26. Rfe1 Nb8 27. Bb5 a6 28. Be2 Qa4 29. b3 Qa3 30. Bf3 f5 31. Re7 Rf6 32. Qd5+ Kh8 33. Qb7 1-0

[Event "Brasschaat 02nd"]
[Site "Brasschaat"]
[Date "2010.08.22"]
[Round "9"]
[White "Hovhannisyan, Mher"]
[Black "De Vos, Nils"]
[Result "1-0"]
[WhiteElo "2479"]
[BlackElo "2237"]
[PlyCount "89"]
[EventDate "2010.08.14"]
[EventType "tourn"]
[EventRounds "9"]
[EventCountry "BEL"]
[EventCategory "5"]
[SourceTitle "CBM 138 Extra"]
[Source "ChessBase"]
[SourceDate "2010.10.29"]
[SourceVersion "1"]
[SourceVersionDate "2010.10.29"]
[SourceQuality "1"]

1. e4 c5 2. c3 Nf6 3. e5 Nd5 4. Nf3 e6 5. g3 Nc6 6. Bg2 d6 7. exd6 Bxd6 8. 0-0 0-0 9. d4 cxd4 10. Nxd4 Nxd4 11. Qxd4 Qb6 12. Qxb6 Nxb6 13. a4 Rb8 14. Na3 Bxa3 15. Rxa3 Nc4 16. Ra1 e5 17. f4 Re8 18. fxe5 Nxe5 19. Bf4 f6 20. Rfe1 Bg4 21. Re3 b6 22. Rae1 Rbd8 23. h3 Bf3 24. Bxe5 Bxg2 25. Kxg2 fxe5 26. Kf3 Rd5 27. Ke4 Rd2 28. R1e2 Rd1 29. Rf2 Ra1 30. b3 Rb1 31. c4 Rd1 32. Rf5 Rd4+ 33. Kf3 e4+ 34. Kf4 Rd1 35. Re5 Rf8+ 36. Kxe4 h6 37. Re7 Rf6 38. h4 a5 39. Re5 Rdd6 40. Rd3 Rc6 41. h5 g6 42. Rd8+ Kf7 43. Rd7+ Kf8 44. g4 Rc8 45. Rh7 1-0

[Event "Brasschaat 02nd"]
[Site "Brasschaat"]
[Date "2010.08.20"]
[Round "7"]
[White "Vandenbussche, Thibaut"]
[Black "De Vos, Nils"]
[Result "1-0"]
[WhiteElo "2317"]
[BlackElo "2237"]
[PlyCount "91"]
[EventDate "2010.08.14"]
[EventType "tourn"]
[EventRounds "9"]
[EventCountry "BEL"]
[EventCategory "5"]
[SourceTitle "CBM 138 Extra"]
[Source "ChessBase"]
[SourceDate "2010.10.29"]
[SourceVersion "1"]
[SourceVersionDate "2010.10.29"]
[SourceQuality "1"]

1. d4 Nf6 2. Bg5 e6 3. e4 Be7 4. Nd2 d5 5. e5 Nfd7 6. Bxe7 Qxe7 7. f4 c5 8. c3 Nc6 9. Ndf3 cxd4 10. cxd4 Qb4+ 11. Qd2 Nb6 12. Rc1 Bd7 13. Qxb4 Nxb4 14. a3 Nc6 15. b3 Rc8 16. Kd2 Ke7 17. Bd3 Na5 18. Rc3 Rxc3 19. Kxc3 Rc8+ 20. Kb2 Ba4 21. bxa4 Nxa4+ 22. Kb1 Nc3+ 23. Ka1 Nd1 24. Nh3 Rc1+ 25. Ka2 Nc3+ 26. Kb2 Rxh1 27. Kxc3 Rc1+ 28. Kb2 Rc6 29. f5 Rb6+ 30. Kc2 Rb3 31. fxe6 fxe6 32. Bxh7 Rxa3 33. Nf4 Nc6 34. Bg8 Rxf3 35. gxf3 Nxd4+ 36. Kd3 Nxf3 37. Ng6+ Kd7 38. Ke3 Nxh2 39. Kf4 d4 40. Nf8+ Kc6 41. Nxe6 d3 42. Nxg7 Kd7 43. e6+ Kd8 44. Nf5 d2 45. e7+ Kd7 46. Be6+ 1-0

[Event "Brasschaat 02nd"]
[Site "Brasschaat"]
[Date "2010.08.17"]
[Round "4"]
[White "De Vos, Nils"]
[Black "De Schampheleire, Glen"]
[Result "0-1"]
[WhiteElo "2237"]
[BlackElo "2254"]
[PlyCount "76"]
[EventDate "2010.08.14"]
[EventType "tourn"]
[EventRounds "9"]
[EventCountry "BEL"]
[EventCategory "5"]
[SourceTitle "CBM 138 Extra"]
[Source "ChessBase"]
[SourceDate "2010.10.29"]
[SourceVersion "1"]
[SourceVersionDate "2010.10.29"]
[SourceQuality "1"]

1. c4 Nf6 2. Nc3 e6 3. g3 d5 4. cxd5 exd5 5. d4 c6 6. Bg2 Bd6 7. Nf3 Bf5 8. 0-0 0-0 9. Re1 Nbd7 10. Nh4 Be6 11. Qd3 Re8 12. b3 Nf8 13. Bb2 Ng6 14. Nxg6 hxg6 15. Rad1 Bf5 16. Qd2 Qe7 17. Qc1 Qe6 18. Ba3 Bc7 19. Qa1 b5 20. Bc1 Ba5 21. Bd2 Bb6 22. Bg5 Nh7 23. Bf4 g5 24. Bc1 Qf6 25. Bb2 Qg6 26. Ba3 Nf6 27. Bc5 Bc7 28. Rc1 Qh5 29. f3 Bh3 30. Qb2 Bxg2 31. Kxg2 g4 32. f4 Qh3+ 33. Kg1 Re3 34. Nd1 Bxf4 35. Nf2 Rxg3+ 36. hxg3 Qxg3+ 37. Kf1 Be3 38. Rc3 Qxf2# 0-1

[Event "Brasschaat op 09th"]
[Site "Brasschaat"]
[Date "2009.08.15"]
[Round "1"]
[White "Van Camp, Koen"]
[Black "De Vos, Nils"]
[Result "0-1"]
[WhiteElo "1692"]
[BlackElo "2205"]
[PlyCount "73"]
[EventDate "2009.08.15"]
[EventType "swiss"]
[EventRounds "9"]
[EventCountry "BEL"]
[SourceTitle "EXT 2017"]
[Source "ChessBase"]
[SourceDate "2016.10.25"]
[SourceVersion "1"]
[SourceVersionDate "2016.10.25"]
[SourceQuality "1"]

1. e4 c5 2. c4 Nc6 3. Nf3 g6 4. Nc3 Bg7 5. Be2 e6 6. 0-0 Nge7 7. d3 0-0 8. Rb1 d5 9. exd5 exd5 10. Bf4 a6 11. a3 Bf5 12. Rc1 h6 13. Qb3 g5 14. Bg3 Na5 15. Qa2 Be6 16. b4 cxb4 17. axb4 Nac6 18. Qb3 f5 19. h3 f4 20. Bh2 Nf5 21. cxd5 Ncd4 22. Nxd4 Nxd4 23. Qa2 Bf7 24. Bg4 Re8 25. Be6 Nxe6 26. dxe6 Bxe6 27. Qd2 Bf5 28. Rfd1 Qd7 29. g4 fxg3 30. Bxg3 Bxh3 31. Re1 Qf5 32. Kh2 Bg4 33. Ne4 Bf3 34. Rc5 Qg6 35. Nxg5 hxg5 36. Rxg5 Rxe1 37. Qa2+ 0-1

[Event "Vlissingen HZ op 13th"]
[Site "Vlissingen"]
[Date "2009.08.03"]
[Round "4"]
[White "De Vos, Nils"]
[Black "Roeder, Mathias"]
[Result "1/2-1/2"]
[WhiteElo "2205"]
[BlackElo "2438"]
[PlyCount "90"]
[EventDate "2009.08.01"]
[EventType "swiss"]
[EventRounds "9"]
[EventCountry "NED"]
[SourceTitle "CBM 131 Extra"]
[Source "ChessBase"]
[SourceDate "2009.09.03"]
[SourceVersion "2"]
[SourceVersionDate "2009.09.16"]
[SourceQuality "1"]

1. e4 c5 2. Nc3 d6 3. g3 Nc6 4. Bg2 g6 5. d3 Bg7 6. f4 e6 7. Nf3 Nge7 8. 0-0 0-0 9. Be3 b6 10. Bf2 Ba6 11. Re1 Qd7 12. Qd2 d5 13. exd5 exd5 14. d4 cxd4 15. Nxd4 Rad8 16. Rad1 Na5 17. Qc1 Bb7 18. Nce2 Nc4 19. c3 Nd6 20. Nf3 Ne4 21. Bd4 f6 22. Nd2 Qa4 23. Qb1 Nf5 24. Nxe4 dxe4 25. Bxe4 Bxe4 26. Qxe4 Qxa2 27. Qc2 Rfe8 28. Bf2 Qc4 29. Rxd8 Rxd8 30. Rd1 Rxd1+ 31. Qxd1 Bf8 32. Nd4 Nxd4 33. Bxd4 Bc5 34. Bxc5 Qxc5+ 35. Kg2 Qc6+ 36. Kg1 Kf7 37. Qd8 h5 38. Qd3 a5 39. Qd8 Ke6 40. Qd3 Qc5+ 41. Kf1 f5 42. c4 Qd6 43. Qe3+ Kd7 44. b3 Kc6 45. Ke2 Qf6 1/2-1/2

[Event "Vlissingen HZ op 13th"]
[Site "Vlissingen"]
[Date "2009.08.02"]
[Round "3"]
[White "Kohlweyer, Bernd"]
[Black "De Vos, Nils"]
[Result "1/2-1/2"]
[WhiteElo "2418"]
[BlackElo "2205"]
[PlyCount "63"]
[EventDate "2009.08.01"]
[EventType "swiss"]
[EventRounds "9"]
[EventCountry "NED"]
[SourceTitle "CBM 131 Extra"]
[Source "ChessBase"]
[SourceDate "2009.09.03"]
[SourceVersion "2"]
[SourceVersionDate "2009.09.16"]
[SourceQuality "1"]

1. d4 Nf6 2. c4 g6 3. Nc3 Bg7 4. e4 d6 5. f3 0-0 6. Nge2 c5 7. d5 e6 8. Ng3 exd5 9. cxd5 h5 10. Be2 Nh7 11. Be3 Qb6 12. Qc1 Nd7 13. 0-0 h4 14. Nh1 a6 15. Nf2 f5 16. exf5 gxf5 17. Nd3 Re8 18. Kh1 Ne5 19. Nf4 Qc7 20. a4 Qf7 21. Re1 Ng6 22. Nxg6 Qxg6 23. Bf1 Bd7 24. Qd2 Bf6 25. a5 Qg7 26. Bf4 Bg5 27. Bxg5 Qxg5 28. Qxg5+ Nxg5 29. Kg1 Kg7 30. Kf2 Kf6 31. Bd3 Nf7 32. f4 1/2-1/2